000 00499nam a2200169Ia 4500
999 _c7787
_d7787
003 OSt
005 20200122132821.0
008 190216s9999||||xx |||||||||||||| ||und||
020 _a9788120329638
040 _coclc
082 _a332.6320973
_bKEV/S
100 _aKevin, S
_91381
245 0 _aSecurity Analysis And Portfolio Management /
_cS Kevin
260 _bPHI Learning,
_c2011.
_aNew Delhi:
300 _a282p
942 _cBK
_2ddc
_h332.6320973
_iKEV/S
_k332.6320973
_mKEV/S